000 00841cam a22002534a 4500
008
020 _a0130619086 (hbk.)
090 _aTP155.E58
_bALL
100 1 _aAllen, David T.
245 1 0 _aGreen engineering :
_benvironmentally conscious design of chemical processes /
_cDavid T. Allen and David R. Shonnard.
260 _aUpper Saddle River, NJ :
_bPrentice Hall PTR,
_cc2002.
300 _axix, 552 p. :
_bill. ;
_c25 cm.
504 _aIncludes bibliographical references and index.
650 0 _aGreen chemistry.
650 0 _aEnvironmental management.
650 0 _aSustainable engineering.
700 1 _aShonnard, David R.
907 _a.b10346624
_b18-08-14
_c18-08-14
003
005 20230123122106.0
040 _cNUST
049 _aMAIN
942 _cBOOKS
_kTP155.E58
_mALL
999 _c127668
_d127668